Du colonialisme au socialisme
Wedi'i Gadw mewn:
| Prif Awdur: | |
|---|---|
| Fformat: | Llyfr |
| Iaith: | Undetermined |
| Cyhoeddwyd: |
Paris
Les essais de la nouvelle critique
1966
|
| Pynciau: | |
| Tagiau: |
Ychwanegu Tag
Dim Tagiau, Byddwch y cyntaf i dagio'r cofnod hwn!
|
| Thư viện lưu trữ: | Trung tâm Học liệu Trường Đại học Cần Thơ |
|---|
| LEADER | 00511nam a2200193Ia 4500 | ||
|---|---|---|---|
| 001 | CTU_105557 | ||
| 008 | 210402s9999 xx 000 0 und d | ||
| 082 | |a 944.08 | ||
| 082 | |b A745 | ||
| 100 | |a Arnault, Jacques | ||
| 245 | 0 | |a Du colonialisme au socialisme | |
| 245 | 0 | |c Jacques Arnault | |
| 260 | |a Paris | ||
| 260 | |b Les essais de la nouvelle critique | ||
| 260 | |c 1966 | ||
| 650 | |a Colonialisme | ||
| 650 | |x France | ||
| 904 | |i Hiếu | ||
| 980 | |a Trung tâm Học liệu Trường Đại học Cần Thơ | ||